Statistics for Disney Trivia

Click here to take the quiz!

General Stats

  • This quiz has been taken 445 times
    (390 since last reset)
  • The average score is 7 of 15

Answer Stats

QuestionAnswer% Correct
How old is Mowgli in 'The Jungle Book'?10
90%
How many Lost Boys are there in 'Peter Pan'?6
83%
Who was Simba's best friend, and later his wife, in 'The Lion King'?Nala
75%
In 'Snow White and the Seven Dwarfs', what do the dwarfs mine for?Diamonds
60%
Give one name of Cinderella's wicked stepsistersDrizella/Anastasia
57%
Which famous actor was the voice of Woody in 'Toy Story'?Tom Hanks
57%
What was the name of Pinocchio's maker?Geppetto
56%
What was Aladdin's last wish?The Genie's freedom
56%
Give one name of the three kittens from 'The Aristocats'Marie/Berlioz/Toulouse
42%
In 'The Little Mermaid', what is the name of Prince Eric's dog?Max
30%
What does the 'W' stand for in 'WALL-E'?Waste
29%
What does the 'CDA' stand for in 'Monsters, Inc.'?Child Detection Agency
19%
On which current do Marlin and Dory travel to reach Sydney in 'Finding Nemo'?East Australian Current
17%
What is the name of the main character in 'Dinosaur'?Aladar
10%
What is the name of the butterfly in 'A Bug's Life'?Gypsy
6%

Score Distribution

Percentile by Number Answered

Percent of People with Each Score

Your Score History

You have not taken this quiz since the last reset